| 000 | 00404nam a2200145Ia 4500 | ||
|---|---|---|---|
| 008 | 220217s9999||||xx |||||||||||||| ||und|| | ||
| 020 | _a9780419253303 | ||
| 082 | _a621.042 TWI | ||
| 100 |
_aTwidell, John and Weir, Tony _99338 |
||
| 245 | 0 | _aRenewable energy resources | |
| 250 | _a2nd | ||
| 260 |
_aToylor and Franc _bLondon _c2013 |
||
| 300 |
_aXVI, 601p. _b1195 |
||
| 650 | _aENERGY CONVERSION | ||
| 999 |
_c185414 _d185414 |
||